Pierre Bachelet - Elle est d'ailleurs (paroles) - Statistiques

Statistiques générales
  • Ce quiz a été pris 179 fois
    169 depuis la dernière actualisation
  • Le résultat moyen est 287 sur 336
Statistiques - réponses
Paroles % Correct
Elle
100%
elle
100%
ce
99%
Ce
99%
ces
99%
a
98%
à
98%
À
98%
de
98%
De
98%
d'ailleurs
97%
est
97%
le
97%
moi
97%
c'est
96%
ma
96%
sûr,
96%
en
94%
je
94%
Pour
94%
pour
94%
Et
93%
et
93%
suis
93%
esclavage
92%
les
92%
Les
92%
sourire,
92%
visage
92%
tombé
91%
Qui
89%
se
88%
lui
86%
prêt
86%
tous
86%
dis
85%
va
84%
ne
83%
par
83%
son
83%
s'en
82%
si
82%
des
81%
rivages
81%
manière
80%
au
79%
cœur
79%
Quand
79%
Vers
79%
"emmène-moi"
78%
pas
78%
rendent
78%
yeux
78%
d'autres
77%
lieux,
77%
Mais
77%
ou
76%
ses
76%
amoureux
74%
boucher
74%
répond
74%
sans
74%
sont
74%
chez
73%
valeur
73%
Cette
72%
dans
71%
sillages
71%
mots
70%
passe
69%
fond
68%
hauteur
68%
manières
68%
chien
67%
geste
67%
dire
65%
rien
64%
arrive
61%
aveugles
60%
bête
60%
parfum
60%
souvenirs
60%
sais
59%
lumières
58%
traverser
55%
mains
54%
d'un
53%
gestes
53%
penche
53%
dentellière
52%
l'âme
48%
lointaine
48%
silhouette
48%
persiennes
46%
bout
43%
L'amour
43%
vénitienne
42%
longues
41%
damner
40%
parlent
40%
Vermeer
39%
près
38%
Aucun quiz correspondant
Distribution des résultats
% des personnes avec chaque résultat
Percentile par nombre de réponses
Votre historique - résultats
Vous n’avez pas pris ce quiz depuis la dernière actualisation